Word Ladder: 3-Letter Michael Jackson Songs Quiz Stats

 Plays Quiz Updated Sep 22, 2014

Challenge
Share
Tweet
Embed
Score 0/23 Timer 02:00
1 Play Today
Hint 3-Letter Word % Correct
A Jackson 5 hit, or the first three letters of the alphabetABC
98.2%
A female deerDOE
92.4%
Rapper Andre Romelle Young is better known as Dr. _____DRE
89.7%
A Jackson hit, or to sobCRY
88.1%
A part of the circumference of a circleARC
86.1%
UnhappySAD
81.5%
Roger Daltrey-led English rock band: The _____WHO
81.1%
A Jackson hit, or a synonym for 'wicked'BAD
80.4%
Type of rock that contains minerals with important elements including metalsORE
80.4%
A 3T hit featuring Jackson, or a question word requesting a reason or purposeWHY
78.1%
What you might yell to scare someone unexpectedlyBOO
77.6%
Grotesque human-like race of creatures feature in the Warcraft computer game seriesORC
77.2%
Hint 3-Letter Word % Correct
PhysiqueBOD
74.4%
Nickname short for 'Jennifer'JEN
73.1%
To seek the favor of as a suitorWOO
73.1%
Using dry or mocking humorWRY
71.5%
A Jackson hit, or a sweet, fruit-based spread or preserveJAM
71%
Jon Hamm's Draper of 'Mad Men'DON
70.7%
Ted Danson's character on 'Cheers'SAM
69.3%
A Jackson hit, or the first name of 'Argo' actor/director AffleckBEN
68.5%
Demure, making a pretense of modesty in order to appear alluringCOY
66.1%
To persuade someone to do something using deceptionCON
64.3%
Brother of Scout in 'To Kill A Mockingbird'JEM
61.3%

Today's Daily Dose

Missing Word
Britpop Albums

Word Ladder
Sing It!

On This Day
December 14th II

You're not logged in!

Compare scores with friends on all Sporcle quizzes.
OR
Log In

You Might Also Like...

Show Comments

Extras

Top Quizzes Today


Score Distribution

Your Account Isn't Verified!

In order to create a playlist on Sporcle, you need to verify the email address you used during registration. Go to your Sporcle Settings to finish the process.

Report this User

Report this user for behavior that violates our Community Guidelines.

Details: